000 00430nam a2200157Ia 4500
005 20241217145528.0
008 231217s9999 xx 000 0 und d
020 _a9788131734384
082 _a001.6424JAV GAD;1 R
100 _aGaddis, Tony.
245 0 _aStarting out with Java : from control structures through objects
250 _a4th ed.
260 _c2011
_bDorling kindersley
_aNoida
300 _a1001
942 _cAA
999 _c193749
_d193749